000 00327nam a22001217a 4500
008 200220b ||||| |||| 00| 0 eng d
020 _a9788173711466
082 _a420.920 TIW
100 _aTIWARI Arun
245 _aAPJ Abdul Kalam Wings Of Fire
_bAn Autobiography
_hEnglish
260 _aNew Delhi
_bUniversity Press
999 _c8497
_d8497